Geography Quiz

Random Geography or Asia Quiz
Score 0/45 Timer 06:00
3 Plays Today
Hint Answer % Correct
5 Countries Bordering MyanmarChina
98.5%
5 Countries Bordering MyanmarIndia
97.1%
5 Asian Countries With the Most TigersIndia
97.1%
5 Most Rice-Producing Asian CountriesChina
96.2%
5 Most Rice-Producing Asian CountriesIndia
94.2%
5 Countries Bordering MyanmarThailand
92.4%
5 Countries Bordering MyanmarLaos
89.3%
5 Asian Countries With the Most TigersRussia
89.1%
5 Smallest Asian Countries (Land Area)Singapore
88.5%
5 Countries Bordering MyanmarBangladesh
86.4%
5 Least Densely Populated Asian CountriesMongolia
85.8%
5 Asian Countries Starting with 'S'Singapore
85%
5 Most Rice-Producing Asian CountriesBangladesh
84.9%
5 Least Densely Populated Asian CountriesRussia
83.3%
5 Most Rice-Producing Asian CountriesVietnam
81.5%
5 Asian Countries Starting with 'S'South Korea
78.4%
5 Asian Countries Starting with 'S'Sri Lanka
78.1%
5 Most Rice-Producing Asian CountriesIndonesia
77.5%
5 Asian Countries With the Most TigersIndonesia
77.4%
5 Asian Countries Starting with 'S'Saudi Arabia
72.7%
5 Asian Countries With the Most TigersNepal
71.9%
5 Least Densely Populated Asian CountriesKazakhstan
71.7%
5 Asian Countries With the Most TigersMalaysia
71.2%
Hint Answer % Correct
5 Smallest Asian Countries (Land Area)Brunei
70.4%
5 Asian Countries Starting with 'S'Syria
69.6%
5 Longest Asian BordersChina and Russia
67.1%
5 Smallest Asian Countries (Land Area)Bahrain
64.8%
5 Longest Asian BordersChina and Mongolia
60.8%
5 Smallest Asian Countries (Land Area)Maldives
56.6%
5 Highest Asian CapitalsKathmandu, Nepal
55.3%
5 Smallest Asian Countries (Land Area)Palestine
54.8%
5 Least Densely Populated Asian CountriesTurkmenistan
54.8%
5 Longest Asian BordersRussia and Kazakhstan
54.6%
5 Longest Asian BordersRussia and Mongolia
54.3%
5 Largest Islands in AsiaBorneo
51.7%
5 Largest Islands in AsiaJava
46.8%
5 Largest Islands in AsiaHonshu
45.4%
5 Least Densely Populated Asian CountriesOman
39.2%
5 Largest Islands in AsiaSumatra
36.5%
5 Highest Asian CapitalsThimphu, Bhutan
32%
5 Highest Asian CapitalsKabul, Afghanistan
28.2%
5 Highest Asian CapitalsUlaanbaatar, Mongolia
22.9%
5 Largest Islands in AsiaSulawesi
13.2%
5 Longest Asian BordersIndia and Bangladesh
10.6%
5 Highest Asian CapitalsSan'a', Yemen
9.1%
Remove Ads.
Support Sporcle.
Get the best of Sporcle when you Go Orange. This ad-free experience offers more features, more stats, and more fun while also helping to support Sporcle. Thank you for becoming a member.

You're not logged in!

Compare scores with friends on all Sporcle quizzes.
OR
Log In

Show Comments

Extras

Top Quizzes Today


Score Distribution

Your Account Isn't Verified!

In order to create a playlist on Sporcle, you need to verify the email address you used during registration. Go to your Sporcle Settings to finish the process.

Report this User

Report this user for behavior that violates our Community Guidelines.

Details: